000 00314nam a2200133Ia 4500
005 20251222141845.0
008 251222s9999||||xx |||||||||||||| ||spa||
020 _a9972-709-37-X
082 _a869.56/C78C
100 _aCorcuera, Arturo
245 0 _aCanto y Gemido de la Tierra
264 _bNocedal
942 _cLIB
999 _c7563
_d7563